Carnival Cruise Line Ports of Call - Statistics

General Stats
  • This quiz has been taken 80 times
  • The average score is 35 of 67
Answer Stats
Hint Answer % Correct
US Home Ports Miami
98%
US Home Ports New York
95%
Hawaii Honolulu
88%
US Home Ports Los Angeles
88%
Bahamas Nassau
85%
Puerto Rico San Juan
82%
US Home Ports Seattle
82%
USA Boston
80%
Mexico Cozumel
80%
Alaska Juneau
78%
US Home Ports Tampa
75%
Cayman Islands Grand Cayman
73%
Belize Belize City
72%
Dutch Antilles Aruba
68%
Canada Vancouver
68%
US Home Ports Fort Lauderdale
67%
US Home Ports Galveston
65%
US Home Ports New Orleans
65%
Jamaica Montego Bay
63%
US Home Ports Charleston
60%
Canada Saint John
60%
Lesser Antilles St. Maarten
60%
Turks & Caicos Islands Grand Turk
58%
Canada Halifax
58%
Hawaii Maui
58%
Dutch Antilles Curacao
57%
Honduras Isla Roatan
57%
Bahamas Freeport
55%
US Home Ports Jacksonville
55%
US Virgin Islands St. Thomas
55%
US Home Ports Baltimore
53%
US Home Ports Port Canaveral
53%
USA Portland
53%
Lesser Antilles Antigua
52%
Jamaica Ocho Rios
52%
Lesser Antilles Barbados
50%
Dutch Antilles Bonaire
50%
Mexico Cabo San Lucas
50%
US Home Ports Mobile
50%
Alaska Ketchikan
48%
Lesser Antilles St. Kitts
48%
Hawaii Hilo
47%
Alaska Skagway
47%
Mexico Costa Maya
45%
Lesser Antilles St. Lucia
45%
USA Key West
43%
Lesser Antilles Dominica
40%
US Home Ports Norfolk
40%
Bahamas Half Moon Cay
38%
Mexico Ensenada
37%
Hawaii Kauai
35%
Mexico Puerto Vallarta
35%
Canada Victoria
35%
US Virgin Islands St. Croix
33%
Hawaii Kona
30%
Mexico Mazatlan
30%
British Virgin Islands Tortola
30%
Panama Colon
28%
USA Catalina
27%
Costa Rica Limon
27%
Dominican Republic Amber Cove
25%
Jamaica Falmouth
25%
Dominican Republic La Romana
25%
Bahamas Princess Cays
22%
Bermuda King's Wharf
20%
Mexico Progreso
15%
Costa Rica Puenta Arenas
3%
No matching quizzes found
Score Distribution
Percent of People with Each Score
Percentile by Number Answered
Your Score History
You have not taken this quiz